000 00387cam a2200145ua 4500
041 _aeng
_h
082 _a828.09
_bSHA/SH
100 _aShakespeare, William.
245 _aShakespeare`s England, vol-2 /
_cWilliam shakespeare.
_hTextual Documents
260 _aLondon :
_bOxford at the Clarendon Press ,
_c1966.
300 _a610 ; .
504 _a
942 _cBK
999 _c5036
_d5036